Programming and Problem Solving With JAVA (Record no. 11380)

MARC details
000 -LEADER
fixed length control field 00402nam a22001697a 4500
003 - CONTROL NUMBER IDENTIFIER
control field OSt
008 - FIXED-LENGTH DATA ELEMENTS--GENERAL INFORMATION
fixed length control field 220615b ||||| |||| 00| 0 eng d
020 ## - INTERNATIONAL STANDARD BOOK NUMBER
International Standard Book Number 9788178001746
082 ## - DEWEY DECIMAL CLASSIFICATION NUMBER
Classification number 005.133 SLP
100 ## - MAIN ENTRY--PERSONAL NAME
Personal name SLACK, James M
245 ## - TITLE STATEMENT
Title Programming and Problem Solving With JAVA
250 ## - EDITION STATEMENT
Edition statement 1st Rep.
260 ## - PUBLICATION, DISTRIBUTION, ETC. (IMPRINT)
Place of publication, distribution, etc Hyderabad
Name of publisher, distributor, etc BS Pub.
Date of publication, distribution, etc 2011
300 ## - PHYSICAL DESCRIPTION
Extent 1137
650 ## - SUBJECT ADDED ENTRY--TOPICAL TERM
Topical term or geographic name as entry element CSE
942 ## - ADDED ENTRY ELEMENTS (KOHA)
Source of classification or shelving scheme Dewey Decimal Classification
Koha item type Text Books
Holdings
Withdrawn status Lost status Source of classification or shelving scheme Damaged status Not for loan Collection code Home library Current library Date acquired Source of acquisition Currency Cost, normal purchase price Bill Number Total Checkouts Full call number Acc. no. / Barcode Date last seen Actual Cost, discounted price Bill Date Koha item type
    Dewey Decimal Classification     B.Tech(CSE) PIET C-LIBRARY PIET C-LIBRARY 10/06/2022 Kirti Prakashan IN Rupees 595.00 IN365   005.133 SLP 33736 15/06/2022 446.25 10/06/2022 Text Books

Design & Developed by: PIET Central Library
R70 Miles Stone Pattikalyana Samalkha Panipat 132102
mail ID :- [email protected], Phone No:- 0180-2569700 Ex.216